Loading...
| Science - Other Science | 1 | 3 | 1 | 0 | 40 | 16 | 76.50 | 1 | 2 |
| Science - Physics | 0 | 4 | 0 | 0 | 40 | 48 | 78.00 | 0 | 2 |
| Science - Chemistry | 0 | 2 | 0 | 2 | 20 | 135 | 136.50 | 0 | 2 |
| Literature - British Literature | 0 | 2 | 1 | 0 | 15 | 134 | 138.50 | 1 | 1 |
| Science - Biology | 0 | 1 | 0 | 0 | 10 | 134 | 134.00 | 0 | 0 |
| Fine Arts - Other Fine Arts | 0 | 1 | 0 | 0 | 10 | 124 | 124.00 | 0 | 1 |
| History - American History | 0 | 1 | 0 | 0 | 10 | 111 | 111.00 | 1 | 1 |
| Literature - American Literature | 0 | 1 | 0 | 0 | 10 | 89 | 89.00 | 0 | 1 |
| Religion | 0 | 1 | 0 | 0 | 10 | 99 | 99.00 | 1 | 1 |
| Pop Culture | 0 | 0 | 1 | 0 | -5 | 0.00 | 0 | 0 | |
| History - World History | 0 | 0 | 1 | 0 | -5 | 0.00 | 0 | 0 |